Di san ci zheng jiu wei lai shi jie - liu ci xin shao nian ke huan ke xue xiao shou xi lie = Third world to save the future

Bibliographic Details
Main Author: Liu, Ci Xin
Format: Book
Published: China : Guangxi Normal University Press , 2016
Subjects:

MARC

LEADER 00000cam a2200000 7i4500
001 0000214705
005 20250918141230.0
020 |a 9787549572854 
090 0 0 |a FMC   |b LIU 
100 1 |a Liu, Ci Xin 
245 1 0 |a Di san ci zheng jiu wei lai shi jie - liu ci xin shao nian ke huan ke xue xiao shou xi lie = Third world to save the future   |c Liu Ci Xin 
260 |a China :   |b Guangxi Normal University Press ,   |c 2016 
300 |a 203p. ;   |c 21cm. 
650 0 0 |a Chinese fiction 
650 0 0 |a Chinese language 
999 |a 00333975   |b BUKU   |c FICTION MANDARIN COLLECTION   |e PERPUSTAKAAN KOMUNITI PETALING JAYA